Квалификация убийств Практическое пособие
В научно-практическом пособии анализируются основные положения теории квалификации преступлений с позиций уголовного материального и процессуального права. На основе этого предлагаются рекомендации по квалификации убийств рассматриваются проблемы правильной оценки преступлений указанного вида возник...
محفوظ في:
| المؤلف الرئيسي: | |
|---|---|
| التنسيق: | Практическое пособие |
| الطبعة: | 1 |
| سلاسل: | Высшее образование |
| الوصول للمادة أونلاين: | https://znanium.ru/catalog/document?id=450571 https://znanium.ru/cover/2167/2167251.jpg |
| الوسوم: |
إضافة وسم
لا توجد وسوم, كن أول من يضع وسما على هذه التسجيلة!
|
| LEADER | 02845nam0a2200397 i 4500 | ||
|---|---|---|---|
| 001 | RU\infra-m\znanium\bibl\2167251 | ||
| 003 | https://znanium.ru/catalog/document?id=450571 | ||
| 005 | 20240923000000.0 | ||
| 010 | |a 978-5-16-012601-2 | ||
| 010 | |a 978-5-16-102355-6 |b электр. издание | ||
| 100 | |a 20240923d2024 m y0rusy0150 ca | ||
| 101 | 0 | |a rus | |
| 102 | |a RU | ||
| 200 | 1 | |a Квалификация убийств |e Практическое пособие |f Уральский государственный экономический университет | |
| 205 | |a 1 | ||
| 210 | 1 | |a Москва |c ООО "Научно-издательский центр ИНФРА-М" |d 2025 | |
| 215 | |a 131 с. | ||
| 225 | 1 | |a Высшее образование | |
| 330 | |a В научно-практическом пособии анализируются основные положения теории квалификации преступлений с позиций уголовного материального и процессуального права. На основе этого предлагаются рекомендации по квалификации убийств рассматриваются проблемы правильной оценки преступлений указанного вида возникающие на разных стадиях уголовного судопроизводства. Пособие предназначено для студентов обучающихся по специальности (направлению) «Юриспруденция» аспирантов научных сотрудников практических работников правоприменительной сферы. | ||
| 333 | |a ВО - Кадры высшей квалификации | ||
| 606 | |a Право. Юридические науки |x Уголовное право |2 local | ||
| 608 | |a Практическое пособие |2 local | ||
| 675 | |a 343(075.8) |z rus | ||
| 686 | |a 67.51я73 |2 rubbk | ||
| 686 | |a 40.03.01 |2 okso | ||
| 686 | |a 40.04.01 |2 okso | ||
| 686 | |a 40.05.01 |2 okso | ||
| 686 | |a 40.05.02 |2 okso | ||
| 686 | |a 40.05.03 |2 okso | ||
| 686 | |a 40.05.04 |2 okso | ||
| 686 | |a 40.06.01 |2 okso | ||
| 686 | |a 44.03.05 |2 okso | ||
| 700 | 1 | |a Гончаров |b Д.Ю. |g Денис Юрьевич |p Уральский государственный экономический университет | |
| 801 | 0 | |a RU |b Общество с ограниченной ответственностью «ЗНАНИУМ» |c 20240724 |2 rusmarc | |
| 856 | 4 | |a znanium.ru |m ebs_support@infra-m.ru |n НИЦ ИНФРА-М |u https://znanium.ru/catalog/document?id=450571 | |
| 856 | 4 | 1 | |a znanium.ru |d /cover/2167 |f 2167251.jpg |q image/jpeg |u https://znanium.ru/cover/2167/2167251.jpg |